[Event "LTU-ch  Vilnius"]
[Site "Vilnius"]
[Date "1994.??.??"]
[Round "4"]
[White "Malisauskas, Vidmantas"]
[Black "Labuckas, Aidas"]
[Result "1-0"]
[WhiteElo "2525"]
[BlackElo "2250"]

1.e4 c5 2.Nc3 e6 3.Nf3 a6 4.d4 cxd4 5.Nxd4 Qc7 6.g3 Nc6 7.Bg2 d6 8.Nxc6 bxc6
9.O-O Nf6 10.Na4 Bb7 11.c4 c5 12.Re1 Be7 13.b3 O-O 14.Bb2 Bc6 15.e5 dxe5
16.Bxe5 Qb7 17.Bxc6 Qxc6 18.Qe2 Rfd8 19.Bc3 Ra7 20.Rad1 Rad7 21.Rxd7 Rxd7
22.Nb2 Qb7 23.f4 h6 24.Qg2 Qxg2+ 25.Kxg2 Ng4 26.Re2 h5 27.h3 Nh6 28.Rd2 Rb7
29.Na4 Kh7 30.Ba5 Ng8 31.Bd8 Bf8 32.Kf3 Nf6 33.Bxf6 gxf6 34.g4 hxg4+ 35.hxg4 Be7
36.f5 Rc7 37.Nb6 Kg7 38.Rd7 Rxd7 39.Nxd7 Bd6 40.b4 cxb4 41.c5 Bh2 42.c6 a5
43.Ke4 Kh6 44.fxe6 fxe6 45.Nxf6 a4 46.Kd3 Kg5 47.Ne8 Kxg4 48.c7 Bxc7 49.Nxc7 e5
50.Nd5 b3 51.a3 Kf3 52.Nc3 b2 53.Kc2 e4 54.Nxa4  1-0

[Event "Wattens op"]
[Site "Wattens"]
[Date "1994.??.??"]
[Round "6"]
[White "Ager, Hans"]
[Black "Kadic, Aladin"]
[Result "1/2-1/2"]
[WhiteElo "2040"]
[BlackElo "1770"]

1.e4 c5 2.Nf3 e6 3.d4 cxd4 4.Nxd4 a6 5.Nc3 Qc7 6.Nb3 b5 7.a3 Bb7 8.Bd3 Nf6
9.Bg5 Be7 10.Qe2 h6 11.Be3 d5 12.exd5 Nxd5 13.Nxd5 Bxd5 14.Qg4 Bf6 15.Nd4 Nd7
16.O-O h5 17.Qe2 g6 18.f4 O-O  1/2-1/2

[Event "Werfen op"]
[Site "Werfen"]
[Date "1994.??.??"]
[Round "?"]
[White "Kountz, Jochen"]
[Black "Kraschl, Joerg"]
[Result "0-1"]
[WhiteElo "2205"]
[BlackElo "2210"]

1.e4 c5 2.Nf3 e6 3.Nc3 a6 4.d4 cxd4 5.Nxd4 d6 6.Bc4 Nf6 7.Bb3 Be7 8.g4 h6
9.Be3 Nc6 10.Rg1 g5 11.Qe2 Ne5 12.h4 Rg8 13.hxg5 hxg5 14.O-O-O Qc7 15.f4 gxf4
16.g5 Nh7 17.Bxf4 Nf8 18.Bxe5 dxe5 19.g6 fxg6 20.Nf5 Bc5 21.Na4 Bxg1 22.Rxg1 Bd7
23.Qd2 exf5 24.Nc3 Qc5 25.Rd1 Rg7 26.Qg5 Qe7 27.Qg1 Bc6 28.Qf2 Rd8 29.Nd5 Bxd5
30.Bxd5 f4 31.c4 Ne6 32.Qb6 Nd4 33.Rh1 Rxd5 34.exd5 f3 35.d6 Qg5+ 36.Kb1 Qf5+
37.Ka1 Nc2+ 38.Kb1 Na3+ 39.Ka1 Qb1+ 40.Rxb1 Nc2+  0-1

[Event "Werfen op"]
[Site "Werfen"]
[Date "1994.??.??"]
[Round "?"]
[White "Bielczyk, Jacek"]
[Black "Kraschl, Joerg"]
[Result "1/2-1/2"]
[WhiteElo "2380"]
[BlackElo "2210"]

1.e4 c5 2.Nf3 e6 3.Nc3 a6 4.d4 cxd4 5.Nxd4 d6 6.g3 Nf6 7.Bg2 Be7 8.O-O Qc7
9.Re1 O-O 10.a4 Nc6 11.Be3 Bd7 12.Nxc6 Bxc6 13.a5 Nd7 14.Na4 Rae8 15.Nb6 Nxb6
16.Bxb6 Qd7 17.Qe2 Bd8 18.Bxd8 Qxd8 19.Ra3 Qc7 20.Qd2  1/2-1/2

[Event "Werfen op-B"]
[Site "Werfen"]
[Date "1994.??.??"]
[Round "2"]
[White "Lachmair, Erwin"]
[Black "Pracherstorfer, Christian"]
[Result "1/2-1/2"]
[WhiteElo "1890"]
[BlackElo "1725"]

1.e4 c5 2.Nf3 e6 3.d4 cxd4 4.Nxd4 a6 5.Nc3 Qc7 6.a3 b5 7.Bd2 Bb7 8.Bxb5 axb5
9.Ndxb5 Qc6 10.Bf4 Na6 11.Bd6 Nf6 12.f3 Bxd6 13.Qxd6 Rb8 14.O-O-O Qxd6 15.Rxd6 Ke7
16.Rhd1 Rhd8 17.R6d2 d5 18.exd5 Bxd5 19.Nxd5+ Nxd5 20.Nd4 Rdc8 21.b4 Nc3
22.Re1 g6 23.Ne2 Nxe2+ 24.Rdxe2 Nc7 25.Kb2 Nd5 26.Rd2 Nb6 27.Kb3  1/2-1/2

[Event "Wiesbaden op"]
[Site "Wiesbaden"]
[Date "1994.??.??"]
[Round "4"]
[White "Ostojic, Predrag"]
[Black "Arbakov, Valentin"]
[Result "1-0"]
[WhiteElo "2340"]
[BlackElo "2570"]

1.e4 c5 2.Nf3 e6 3.Nc3 a6 4.d4 cxd4 5.Nxd4 Qc7 6.g3 Bb4 7.Ne2 Nf6 8.Bg2 Bc5
9.O-O d6 10.b3 Bd7 11.Bb2 O-O 12.Nf4 Rc8 13.Rc1 Qd8 14.Nd3 Bd4 15.Ne2 Bxb2
16.Nxb2 Bc6 17.f3 d5 18.e5 Nfd7 19.f4 b5 20.c3 Bb7 21.Nd3 Nc6 22.Qd2 a5 23.Rf2 Qb6
24.a3 b4 25.axb4 axb4 26.cxb4 Ba6 27.Nc5 Ndb8 28.Nc3 Qxb4 29.N3a4 Ra7 30.Bh3 Kh8
31.Qxb4 Nxb4 32.f5 exf5 33.Rf4 N4c6 34.Bxf5 Re8 35.e6 g5 36.Rf2 fxe6 37.Nxe6 Rae7
38.Nac5 Bc8 39.Rd1 Nb4 40.Nxg5 Bxf5 41.Rxf5 N8c6 42.Rdf1 h6 43.Nf7+ Kg7 44.R5f4 Re1
45.Nd6 Rxf1+ 46.Kxf1 Ra8 47.Nd7 h5 48.Rf7+ Kh6 49.h4 Ra1+ 50.Kg2 Ra2+ 51.Kh3 Nd3
52.Nf5+ Kg6 53.Rf6+ Kh7 54.Rxc6 Nf2+ 55.Kg2 Ng4+ 56.Kf1 Rf2+ 57.Ke1 Rxf5
58.Re6 Rf7 59.Rd6 Rf3 60.Rxd5 Re3+ 61.Kd2 Rxg3 62.Rxh5+ Nh6  1-0

[Event "Zabrzanski Wrzesien op"]
[Site "Zabrzanski Wrzesien"]
[Date "1994.??.??"]
[Round "?"]
[White "Maciejewski, Miroslaw"]
[Black "Helis, Tadeusz"]
[Result "1-0"]
[WhiteElo "2395"]
[BlackElo "2255"]

1.e4 c5 2.Nf3 e6 3.d4 cxd4 4.Nxd4 a6 5.Nc3 Qc7 6.Be2 Nc6 7.Be3 b5 8.Nxc6 Qxc6
9.e5 Qc7 10.O-O Bb7 11.Bf3 Rd8 12.Bxb7 Qxb7 13.Qd3 Qc7 14.Rfd1 Ne7 15.a4 b4
16.Ne4 Nd5 17.Bd4 Qc6 18.c4 bxc3 19.Nxc3 Nb4 20.Qg3 h5 21.Rac1 h4 22.Qf4 Qb7
23.Ne4 h3 24.gxh3 Rh6 25.Qf3 Rb8 26.Bc5 Bxc5 27.Rxc5 Kf8 28.Rdc1 Rg6+ 29.Kf1 Nc6
30.Nd6  1-0

[Event "Zabrzanski Wrzesien op"]
[Site "Zabrzanski Wrzesien"]
[Date "1994.??.??"]
[Round "?"]
[White "Hnydiuk, Aleksander"]
[Black "Helis, Tadeusz"]
[Result "1-0"]
[WhiteElo "2220"]
[BlackElo "2255"]

1.e4 c5 2.Nf3 e6 3.d4 cxd4 4.Nxd4 a6 5.Nc3 Qc7 6.g3 Bb4 7.Bd2 Nf6 8.Bg2 Nc6
9.Nxc6 dxc6 10.O-O Be7 11.f4 e5 12.f5 h5 13.Kh1 Ng4 14.Qe2 b5 15.Nd1 Bb7
16.Ne3 Nf6 17.a4 O-O-O 18.axb5 cxb5 19.Ba5 Qc5 20.Bxd8 Bxd8 21.Nd5 h4 22.Ra3 Kb8
23.Rc3 Qd6 24.Nxf6 Qxf6 25.g4 Bb6 26.Rd3 Qc6 27.Rfd1 Rc8 28.Rd6 Qc7 29.c3 Qc5
30.Rd7 Rc7 31.Rd8+ Ka7 32.Qd2 Rc8 33.Rxc8 Qxc8 34.h3 Qc4 35.Qd3 Qa2 36.Qe2 Bc6
37.g5 Kb7 38.Qh5 Be3 39.g6 f6 40.Qe2 Bb6 41.Kh2 a5 42.Rd2 a4 43.Qd1 Qc4 44.Qe2 Qc5
45.Rd1 b4 46.cxb4 Qxb4 47.Rc1 Bd4 48.Qc2 Qb6 49.Rb1 Bb5 50.Rc1 Ka6 51.Bf1 Ka7
52.Qc8 Bxf1 53.Rc7+ Qxc7 54.Qxc7+ Ka6 55.Qxg7 Bxb2 56.Qxf6+ Kb5 57.g7 Bc4
58.Qf8 a3 59.g8=Q  1-0

[Event "Zuerich op"]
[Site "Zuerich"]
[Date "1994.??.??"]
[Round "?"]
[White "Schmid, Wolfgang"]
[Black "Nemet, Ivan"]
[Result "0-1"]
[WhiteElo "2235"]
[BlackElo "2425"]

1.e4 c5 2.Nf3 e6 3.d4 cxd4 4.Nxd4 a6 5.Nc3 Qc7 6.g3 Nc6 7.Bg2 Nf6 8.O-O Nxd4
9.Qxd4 Bc5 10.Qd2 O-O 11.b3 e5 12.Bb2 Re8 13.Na4 Ba7 14.c4 b5 15.cxb5 axb5
16.Nc3 Qb6 17.Nd5 Nxd5 18.Qxd5 Qb8 19.b4 d6 20.Rfd1 Bg4 21.Rd2 Rd8 22.Bf1 h5
23.h4 Bb6 24.a3 Qa7 25.Qxb5 d5 26.Kg2 dxe4 27.Qxe5 Bf3+ 28.Kh2 f6 29.Rxd8+ Rxd8
30.Bc4+ Kh8 31.Qf4 Bxf2 32.Bxf6 Bg1+ 33.Rxg1 Qf2+ 34.Kh3 Bg4+ 35.Qxg4 hxg4+
36.Kxg4 Qxf6 37.Rf1 Qg6+ 38.Kh3 e3 39.Be2 Rd2 40.Bg4 Qd6 41.Rc1 e2  0-1

[Event "Aalborg op"]
[Site "Aalborg"]
[Date "1995.??.??"]
[Round "2"]
[White "Christiansen, Arne"]
[Black "Christiansen, Jens Jorgen"]
[Result "1/2-1/2"]
[WhiteElo "2250"]
[BlackElo "2225"]

1.e4 c5 2.Nf3 e6 3.d4 cxd4 4.Nxd4 a6 5.Nc3 Qc7 6.Bd3 Nc6 7.Be3 Nf6 8.O-O Bd6
9.Nxc6 bxc6 10.f4 e5 11.f5 Be7 12.Na4 d5 13.Bb6 Qb8 14.Qe2 c5 15.c4 Nd7 16.Ba5 d4  1/2-1/2

[Event "Aalborg op"]
[Site "Aalborg"]
[Date "1995.??.??"]
[Round "5"]
[White "Hjorth, Torben"]
[Black "Larsen, Olav Dalsgaard"]
[Result "0-1"]
[WhiteElo "2205"]
[BlackElo "2330"]

1.e4 c5 2.Nf3 e6 3.Nc3 a6 4.d4 cxd4 5.Nxd4 d6 6.f4 Nf6 7.Qf3 Qb6 8.a3 Be7
9.Nb3 Nc6 10.Be3 Qc7 11.Bd3 O-O 12.g4 b5 13.O-O-O Bb7 14.g5 Nd7 15.h4 b4
16.axb4 Nxb4 17.h5 Rac8 18.Qh3 d5 19.g6 h6 20.gxf7+ Rxf7 21.Rhg1 dxe4 22.Qxe6 exd3
23.Rxg7+ Kxg7 24.Rg1+ Kf8 25.Qxh6+ Ke8 26.Nd4 Nf8 27.Rg8 Qd6 28.Ne6 Rxc3
29.bxc3 Na2+ 30.Kb2 Qa3+  0-1

[Event "Aceimar op"]
[Site "Aceimar"]
[Date "1995.??.??"]
[Round "?"]
[White "Hector, Jonny"]
[Black "Strikovic, Aleksa"]
[Result "1-0"]
[WhiteElo "2510"]
[BlackElo "2445"]

1.e4 c5 2.Nf3 e6 3.d4 cxd4 4.Nxd4 a6 5.Nc3 Qc7 6.Bd3 Nf6 7.Qf3 Nc6 8.Nxc6 dxc6
9.Bg5 Be7 10.O-O e5 11.a4 a5 12.Nb1 h6 13.Bd2 Be6 14.Na3 Rd8 15.Qe2 Bb4 16.Be3 O-O
17.f4 exf4 18.Bxf4 Qb6+ 19.Kh1 Bg4 20.Qe3 Qxe3 21.Bxe3 Rfe8 22.Bb6 Rd7 23.Rf4 Be6
24.h3 Bd6 25.Rf3 Bc7 26.Bf2 Be5 27.Rb1 Nh7 28.Nc4 Bc7 29.b3 Ng5 30.Re3 b5
31.axb5 cxb5 32.Nb2 Rb8 33.Ree1 Be5 34.Nd1 Rdd8 35.Ba7 Rb7 36.Bc5 Bd7 37.Ne3 Ne6
38.Be7 Re8 39.Nf5 Bc6 40.Ba3 Rd7 41.b4 a4 42.Bb2 Nf4 43.Bxe5 Rxe5 44.Re3 Nxg2
45.Rf3 g6 46.Nxh6+ Kg7 47.Ng4 Rg5 48.Kxg2 f5 49.Rf4 fxg4 50.hxg4 Re5 51.Kf3 Rde7
52.Ke3 Kh6 53.Rbf1 Kg5 54.c3 R5e6 55.Bb1 Rd6 56.Rf7 Re8 57.Rc7 Rde6 58.Rf4 Rh8
59.Bd3 Rh1 60.Rf8 Rh3+  1-0

[Event "Aegina op"]
[Site "Aegina"]
[Date "1995.??.??"]
[Round "3"]
[White "Nikolaidis, Ioannis"]
[Black "Banikas, Hristos"]
[Result "1/2-1/2"]
[WhiteElo "2540"]
[BlackElo "2375"]

1.e4 c5 2.Nc3 e6 3.Nf3 a6 4.d4 cxd4 5.Nxd4 d6 6.g4 h6 7.Bg2 Ne7 8.Be3 Nbc6
9.Qe2 Nxd4 10.Bxd4 Nc6 11.Be3 Be7 12.O-O-O Bf6 13.f4 Qc7 14.Qd3 Be7 15.h4 Bd7
16.Kb1 Rc8 17.g5 Qa5 18.a3 b5 19.Bc5 Rd8 20.Bxd6 b4 21.Bxe7 Nxe7 22.axb4 Qxb4
23.Qd4 Qxd4 24.Rxd4 hxg5 25.hxg5 Rxh1+ 26.Bxh1 Bc6 27.Rxd8+ Kxd8 28.Ne2 Ng6
29.b3 Kd7 30.Kc1 f6 31.gxf6 gxf6 32.Kd2 Ne7 33.Ng3 Nc8 34.Kd3 e5 35.f5 Nd6
36.Bf3 a5 37.Be2 Ke7 38.Ke3 a4 39.bxa4 Bxa4 40.Bd3 Bc6 41.Kd2 Nb7 42.Bc4 Kd6
43.Bg8 Kc5 44.Ke3 Nd6 45.c3 Bb7 46.c4 Ba6 47.Nh5 Bxc4 48.Nxf6 Bxg8 49.Nxg8 Nf7
50.Nf6 Kd6 51.Kf3 Ke7 52.Nd5+ Kf8 53.Kg4 Kg7 54.Ne3 Nd6 55.Kf3 Kf6 56.Ng4+ Kg5
57.Nxe5 Nxf5 58.Nf7+ Kf6 59.Kf4 Nd4  1/2-1/2

[Event "Aegina op"]
[Site "Aegina"]
[Date "1995.??.??"]
[Round "7"]
[White "Cela, Altin"]
[Black "Averkin, Orest N"]
[Result "1-0"]
[WhiteElo "2380"]
[BlackElo "2465"]

1.e4 c5 2.Nf3 e6 3.d4 cxd4 4.Nxd4 a6 5.Nc3 Qc7 6.Be2 b5 7.O-O Bb7 8.Re1 Nc6
9.Nf5 O-O-O 10.Bxb5 Na7 11.Bf1 exf5 12.Nd5 Qc6 13.Re3 Kb8 14.Rc3 Qe6 15.Bf4+ d6
16.Qd4 Rd7 17.Nb6 Nf6 18.exf5 Qxf5 19.Re1 Rc7 20.Re5 dxe5 21.Bxe5 Nc6 22.Rxc6 Qxe5
23.Qxe5 Bxc6 24.Bxa6 Ne4 25.Nd5 Bxd5 26.Qxd5 Nd6 27.c4 Be7 28.c5 Nc8 29.Bxc8 Rhxc8
30.b4 Rd8 31.Qf3 Rb7 32.Qf4+ Ka8 33.g3 f6 34.a4 Rdb8 35.Qe4 Bf8 36.Qc4 Ka7
37.b5 Rc7 38.b6+ Rxb6 39.cxb6+ Kxb6 40.a5+ Kb7 41.Qb5+  1-0

[Event "Alma Ata"]
[Site "Alma Ata"]
[Date "1995.??.??"]
[Round "1"]
[White "Zagrebelny, Sergey"]
[Black "Dzuban, Oleg I"]
[Result "1-0"]
[WhiteElo "2510"]
[BlackElo "2440"]

1.e4 c5 2.Nf3 e6 3.Nc3 a6 4.d4 cxd4 5.Nxd4 Nc6 6.Be3 Nf6 7.Qd2 Ng4 8.Nxc6 bxc6
9.Bg5 f6 10.Bh4 Rb8 11.Be2 Ne5 12.Nd1 d5 13.exd5 Qxd5 14.Bh5+ Ng6 15.Qe2 Qxg2
16.Bf3 Qh3 17.Bxc6+ Kf7 18.Bg3 Rb6 19.Ba8 Bd7 20.Qe3 Bb4+ 21.c3 Rxa8 22.Qxb6 Qg2
23.Rf1 Bb5 24.Ne3 Qf3 25.Kd2 Qe2+ 26.Kc1 Rc8 27.Bd6 Bxd6 28.Qxd6 Ne5 29.Qd2 Qf3
30.Rg1 Nd3+ 31.Kb1 Nxf2 32.a4 Qe4+ 33.Nc2 Nh3 34.Re1 Qd3 35.Qe3 Bc4 36.b3 Qf5
37.bxc4 Rb8+ 38.Kc1 Nf4 39.Qa7+ Kg6 40.Qxb8 Nd3+ 41.Kd2 Nxe1 42.Qg3+ Kf7
43.Qxe1  1-0

[Event "Alma Ata"]
[Site "Alma Ata"]
[Date "1995.??.??"]
[Round "4"]
[White "Zagrebelny, Sergey"]
[Black "Katalymov, Boris N"]
[Result "1-0"]
[WhiteElo "2510"]
[BlackElo "2455"]

1.e4 c5 2.Nf3 e6 3.Nc3 a6 4.d4 cxd4 5.Nxd4 Ne7 6.Be3 b5 7.Bd3 Bb7 8.O-O Nbc6
9.Nb3 Ne5 10.f4 Nxd3 11.Qxd3 Nc6 12.Rad1 Qc7 13.Rf2 Be7 14.Bc5 Rd8 15.Qe3 Bxc5
16.Nxc5 O-O 17.Rfd2 Bc8 18.Rd6 Qa7 19.Kf2 Na5 20.b3 Nb7 21.Nxb7 Qxb7 22.a4 Qc7
23.axb5 axb5 24.R1d2 b4 25.Nb5 Qa5 26.Qb6 Qa1 27.Nd4 Qa8 28.Nc6 Rde8 29.Qa7 Qxa7+
30.Nxa7 Bb7 31.R6d4 Ra8 32.Nb5 Bc6 33.Rxb4 Rfb8 34.c4 Bxe4 35.Rxd7 f5 36.Ra4 Bc6
37.Rd6 Rxa4 38.bxa4 Be4 39.a5 Rc8 40.a6 Rxc4 41.Rd8+ Kf7 42.Nd6+ Ke7 43.Nxc4 Kxd8
44.g3 Kc7 45.Ke3 h6 46.h4 Kb8 47.Kd4 Ka7 48.Ke5 Bc2 49.Nd6 Bd1 50.Ne8 g6
51.Nc7 Bb3 52.Kf6 h5 53.Nxe6 Kxa6 54.Ng7  1-0

[Event "Ankara zt"]
[Site "Ankara"]
[Date "1995.??.??"]
[Round "5"]
[White "Zadrima, Aldo"]
[Black "Tosic, Miroslav"]
[Result "1/2-1/2"]
[WhiteElo "2270"]
[BlackElo "2420"]

1.e4 c5 2.Nf3 e6 3.d4 cxd4 4.Nxd4 a6 5.Nc3 Qc7 6.Be2 b5 7.O-O Bb7 8.Bf3 Nc6
9.Nxc6 dxc6 10.Qe2 Bd6 11.g3 Nf6 12.Re1 e5 13.a4 O-O 14.Rd1 Bc5 15.Bg5 Qe7
16.Rd2 h6 17.Be3 Bb4 18.Bg2 Rfd8 19.Rxd8+ Qxd8 20.Nb1 Bc8 21.f3 Be6 22.Nd2 Nd7
23.Qf2 Qe7 24.Bf1 Rc8 25.axb5 axb5 26.c3 Bc5 27.b4 Bxe3 28.Qxe3 Qd6 29.Be2 Rb8
30.Ra6 Nb6 31.Kf2 Na4 32.Nf1 Qc7 33.c4 Nb2 34.c5 Rd8 35.Qc3 Na4 36.Qa1 Rd4
37.Bd1 Rxb4 38.Bxa4 bxa4 39.Rxa4 Rb5 40.Ra8+ Kh7 41.Qc3 Rb3 42.Qa1 Qe7 43.Ra5 Qf6
44.f4 Qd8 45.Ra3 exf4 46.Rxb3 Bxb3 47.gxf4 Qh4+ 48.Ke3 Bc4 49.Nd2 Qh3+ 50.Nf3 Qg2
51.Qd1 Qb2 52.f5 Qa3+ 53.Kd4 Ba2 54.Qd2 Bb1 55.Ne5 Qa4+ 56.Nc4 Bxe4 57.Qa5 Qc2
58.Qc3 Qxc3+ 59.Kxc3 Bxf5 60.Ne5 Be4 61.Nxf7 Kg6 62.Nd6 Bh1 63.Kd4 Kg5 64.Ke5 h5
65.Nf5 g6 66.Ne7 h4 67.Kd6 Kf6 68.Nxc6 g5 69.Ne5 Kf5 70.c6 Bxc6 71.Nxc6 g4
72.Ne5 h3 73.Nxg4 Kxg4 74.Ke5  1/2-1/2

[Event "Juan Fontclara mem"]
[Site "Asuncion"]
[Date "1995.??.??"]
[Round "2"]
[White "Valiente, Cristobal"]
[Black "Jodorcovsky, Paulo"]
[Result "1/2-1/2"]
[WhiteElo "2335"]
[BlackElo "2260"]

1.e4 c5 2.Nf3 e6 3.d4 cxd4 4.Nxd4 a6 5.Nc3 Qc7 6.Be2 b5 7.O-O Bb7 8.Bf3 Nc6
9.Nxc6 dxc6 10.Re1 Nf6 11.Bg5 Be7 12.e5 Nd5 13.Bxe7 Nxc3 14.Qd6 Nd5 15.Qxc7 Nxc7
16.Bd6 O-O-O 17.b3 Rd7 18.c4 Rhd8 19.a4 Ne8 20.axb5 cxb5 21.cxb5 Nxd6 22.Rec1+ Kb8
23.exd6 Bxf3 24.gxf3 a5 25.Rxa5 Rxd6 26.Rc6 Kb7 27.Rxd6 Rxd6 28.Kg2 Rd5 29.Kg3 Rg5+
30.Kh3 Kb6 31.Ra8 Kxb5 32.f4 Rf5 33.Kg4 h5+ 34.Kg3 Kc6 35.Rc8+ Kd7 36.Rc4 Rb5
37.b4 Rd5 38.f3 Rd2 39.h3 Ke7 40.Rc7+ Kf6 41.b5 Rb2 42.Rb7 Kg6 43.b6 Kf6
44.Rb8 g6 45.b7 Kf5 46.Kh4 Kxf4 47.Rf8 g5+ 48.Kxh5 Rxb7 49.Kh6 f5 50.Rg8 e5
51.Rf8 Rb6+ 52.Kh5 Re6 53.Rf7 e4 54.fxe4 Rxe4 55.Kg6 Re6+ 56.Kh5 Re8 57.Kg6 Rg8+
58.Kh7 Ra8 59.Kg6 Ra5 60.Kh5 Re5 61.Rf8  1/2-1/2

[Event "AUT-chT2O 9596"]
[Site "AUT"]
[Date "1995.??.??"]
[Round "7"]
[White "Groetz, Harald"]
[Black "Lehner, Oliver"]
[Result "1-0"]
[WhiteElo "2235"]
[BlackElo "2250"]

1.e4 c5 2.Nf3 e6 3.d4 cxd4 4.Nxd4 a6 5.Nc3 Qc7 6.g3 b5 7.Bf4 d6 8.Bxb5+ axb5
9.Ndxb5 Qc6 10.Bxd6 Bxd6 11.Qxd6 Bd7 12.Nc7+ Kd8 13.Qxc6 Bxc6 14.Nxa8 Bxa8
15.f3 h5 16.h4 Nd7 17.Kf2 Ngf6 18.Ne2 Ke7 19.c4 Ne5 20.b3 Nfd7 21.Rhd1 f5
22.exf5 Bxf3 23.fxe6 Nf6 24.Nf4 Bxd1 25.Rxd1 Ra8 26.Ra1 Ra3 27.Ke1 g6 28.Kd1 Ne4
29.Kc2 Nxg3 30.Kb2 Ra7 31.Rg1 Nf5 32.Nxg6+ Kxe6 33.Re1 Ra5 34.b4 Ra8 35.Nxe5 Kd6
36.Nf3 Rg8 37.c5+ Kc6 38.Re6+ Kb7 39.Re5 Rf8 40.b5 Ng3 41.Re7+ Kc8 42.Ne5 Nf5
43.Ra7  1-0

[Event "Bad Endbach"]
[Site "Bad Endbach"]
[Date "1995.??.??"]
[Round "?"]
[White "Tischbierek, Raj"]
[Black "Lau, Ralf"]
[Result "0-1"]
[WhiteElo "2520"]
[BlackElo "2490"]

1.e4 c5 2.Nf3 e6 3.d4 cxd4 4.Nxd4 a6 5.Nc3 Qc7 6.g3 Bb4 7.Ne2 Nf6 8.Bg2 Be7
9.O-O Nc6 10.b3 d6 11.Bb2 b5 12.Qd2 O-O 13.a4 b4 14.Nd1 Bb7 15.Ne3 Rfd8 16.Rac1 Rac8
17.c4 bxc3 18.Bxc3 Qb8 19.Rfd1 Ne5 20.Qd4 Qa8 21.f3 Nc6 22.Qd2 d5 23.exd5 Nxd5
24.Nxd5 Rxd5 25.Qe1 Bc5+ 26.Kh1 Ne7 27.Bd4 Bxd4 28.Rxc8+ Qxc8 29.Rxd4 Qc2
30.h4 Nf5 31.Rxd5 Bxd5 32.Nf4 Bxb3 33.g4 Nxh4 34.Qe5 h6 35.Qb8+ Kh7 36.Bf1 Qc1
37.Kg1 Bc4  0-1

[Event "Bad Woerishofen op"]
[Site "Bad Woerishofen"]
[Date "1995.??.??"]
[Round "9"]
[White "Krakops, Maris"]
[Black "Bischoff, Klaus"]
[Result "1/2-1/2"]
[WhiteElo "2475"]
[BlackElo "2525"]

1.e4 c5 2.Nf3 e6 3.Nc3 a6 4.d4 cxd4 5.Nxd4 Qc7 6.Bd3 Nf6 7.O-O Bc5 8.Nb3 Be7
9.a4 Nc6 10.f4 d5 11.e5 Nd7 12.Kh1 Nc5 13.Nxc5 Bxc5 14.Bd2 Bd7 15.Ne2 h5
16.c3 h4 17.h3 g5 18.Qe1 Ne7 19.b4 Bb6 20.b5 Nf5 21.Rf3 Rc8 22.Rc1 Bc5 23.c4 dxc4
24.Rxc4 b6 25.Be4 O-O 26.Rd3  1/2-1/2

[Event "Badenweiler Seniors"]
[Site "Badenweiler"]
[Date "1995.??.??"]
[Round "6"]
[White "Usachyi, Mark"]
[Black "Porubszki, Georg"]
[Result "1/2-1/2"]
[WhiteElo "2290"]
[BlackElo "2070"]

1.e4 c5 2.Nf3 e6 3.d4 cxd4 4.Nxd4 a6 5.Nc3 Qc7 6.f4 b5 7.Bd3 Bb7 8.Qf3 Nc6
9.Nb3 Nf6 10.Be3 d6 11.O-O Be7 12.h3 O-O 13.Qf2 Nd7 14.a4 b4 15.Ne2 Bf6 16.Nbd4 Nc5
17.Ng3 Nxd4 18.Bxd4 Bxd4 19.Qxd4 Nxd3 20.cxd3 Qc5 21.Qxc5 dxc5 22.Kf2 Rfd8
23.Ke3 a5 24.Rfd1 Kf8 25.Rac1 Rac8 26.b3 Ke7 27.Nf1 f6 28.Nd2 Ba6 29.Nc4 Bxc4
30.Rxc4 e5 31.Rf1 Rd4  1/2-1/2

[Event "Barbera del Valles op"]
[Site "Barbera del Valles"]
[Date "1995.??.??"]
[Round "8"]
[White "Ruiz Diez, Julio Cesar"]
[Black "Vidarte Morales, Arturo"]
[Result "1-0"]
[WhiteElo "2170"]
[BlackElo "2355"]

1.e4 c5 2.Nf3 e6 3.d4 cxd4 4.Nxd4 a6 5.Nc3 Qc7 6.Be2 b5 7.a3 Bb7 8.O-O Nc6
9.Kh1 Nf6 10.f4 h5 11.Nb3 Na5 12.Nxa5 Qxa5 13.Bd2 Qc7 14.Bf3 Bc5 15.Qe2 Rc8
16.Rae1 h4 17.e5 Ng8 18.f5 Ne7 19.Bxb7 Qxb7 20.fxe6 dxe6 21.b4 Bd4 22.Ne4 Bxe5
23.Qf3 Nd5 24.Nc5 Rxc5 25.bxc5 Bf6 26.Bf4 O-O 27.Be5 Bxe5 28.Rxe5 Qc7 29.Rxe6 Ne7
30.Rxa6 Qxc5 31.Ra8 Qc4 32.Rxf8+ Kxf8 33.Qd3 Qc7  1-0

[Event "Oberliga Bayern9596"]
[Site "Bayern"]
[Date "1995.??.??"]
[Round "?"]
[White "Pfretzschner, Roland"]
[Black "Molineus, Stefan"]
[Result "1-0"]
[WhiteElo "2250"]
[BlackElo "2210"]

1.e4 c5 2.Nf3 e6 3.Nc3 a6 4.d4 cxd4 5.Nxd4 b5 6.g3 Bb7 7.Bg2 Nf6 8.Bg5 h6
9.Bxf6 Qxf6 10.O-O Nc6 11.Nxc6 dxc6 12.Qe2 e5 13.Qe3 Bd6 14.Rad1 O-O 15.Rd3 Qe7
16.Rfd1 Rad8 17.Qb6 b4 18.Na4 Bc8 19.Qxc6 Bc7 20.Nb6 Be6 21.Nd5 Bxd5 22.Rxd5 Rxd5
23.Rxd5 Rd8 24.Qxa6 Rxd5 25.exd5 Bd6 26.c3 bxc3 27.Qc8+ Kh7 28.Qxc3 g6 29.a3 Bc5
30.b4 Bd4 31.Qc2 Kg7 32.h3 h5 33.h4 g5 34.Qf5 gxh4 35.Be4 Qc7 36.Qg5+ Kf8
37.Qh6+  1-0

[Event "Oberliga Bayern9596"]
[Site "Bayern"]
[Date "1995.??.??"]
[Round "?"]
[White "Wach, Markus"]
[Black "Andersen, Jens Knud"]
[Result "1-0"]
[WhiteElo "2380"]
[BlackElo "2230"]

1.e4 c5 2.Nf3 e6 3.Nc3 a6 4.d4 cxd4 5.Nxd4 Qc7 6.Be2 Nc6 7.O-O b5 8.Nxc6 Qxc6
9.Bf3 Bb7 10.e5 Qc7 11.Bxb7 Qxb7 12.Qd3 Ne7 13.a4 b4 14.Ne4 Ng6 15.f4 Be7
16.Be3 O-O 17.Rf2 Qc6 18.b3 d5 19.exd6 Rfd8 20.Bc5 Bxd6 21.Bxd6 f5 22.Qc4 Qxc4
23.bxc4 fxe4 24.c5 Nh4 25.Be7 Nf5 26.Bxd8 Rxd8 27.Re2 e3 28.Rb1 h5 29.g3 a5
30.c3 bxc3 31.Rc1 Rd2 32.Kf1 Nd4 33.Rxe3 c2 34.Ke1 Rxh2 35.Rd3 Nc6 36.Rc3 Nb4
37.c6 Rh1+ 38.Kd2 Rh2+ 39.Ke1 Rh1+ 40.Kf2 Rxc1 41.c7 Nd3+ 42.Ke3 Re1+ 43.Kxd3  1-0

[Event "Regionalliga SO9596"]
[Site "Bayern"]
[Date "1995.??.??"]
[Round "?"]
[White "Unterreitmeier, Reinhold"]
[Black "Rosner, Gerhard"]
[Result "1/2-1/2"]
[WhiteElo "1910"]
[BlackElo "1980"]

1.e4 c5 2.Nf3 e6 3.d4 cxd4 4.Nxd4 a6 5.Nc3 Qc7 6.Bd3 Nc6 7.Nxc6 bxc6 8.O-O d5
9.Be3 Nf6 10.f4 Be7 11.e5 Nd7 12.Qg4 g6 13.Na4 c5 14.c4 d4 15.Bd2 Bb7 16.b3 Bc6
17.Nb2 a5 18.Bc2 Nb6 19.Qe2 Qb7 20.Nd3 h5  1/2-1/2

[Event "Regionalliga NO9495"]
[Site "Bayern"]
[Date "1995.??.??"]
[Round "6"]
[White "Hein, Manfred"]
[Black "Cipra, Lothar"]
[Result "1/2-1/2"]
[WhiteElo "2045"]
[BlackElo "2005"]

1.e4 c5 2.Nf3 e6 3.d4 cxd4 4.Nxd4 a6 5.Nc3 Qc7 6.a3 Nf6 7.Be2 Nc6 8.O-O b5
9.Nxc6 dxc6 10.Bg5 Be7 11.Bf3 Bb7 12.Qe2 O-O 13.Rfd1 Rfd8 14.Rxd8+ Rxd8 15.Rd1 Rxd1+
16.Qxd1 h6 17.Be3 Qd8 18.Qxd8+ Bxd8  1/2-1/2

[Event "Berliner Sommer"]
[Site "Berlin"]
[Date "1995.??.??"]
[Round "1"]
[White "Yudrizal, Y."]
[Black "Kacheishvili, Giorgi"]
[Result "0-1"]
[WhiteElo "2000"]
[BlackElo "2450"]

1.e4 c5 2.Nf3 e6 3.d4 cxd4 4.Nxd4 a6 5.Nc3 Qc7 6.Nb3 Nf6 7.a3 Be7 8.Be2 O-O
9.O-O Nc6 10.f4 d6 11.Be3 b5 12.Kh1 Re8 13.Bf3 Rb8 14.Rc1 a5 15.Nd4 Nxd4
16.Bxd4 b4 17.axb4 axb4 18.Ne2 e5 19.Be3 Bb7 20.Ng3 d5 21.fxe5 dxe4 22.Be2 Rbd8
23.Qe1 Qxe5 24.c3 bxc3 25.bxc3 Qe6 26.Nf5 Nd5 27.Bc4 Bf6 28.Qg3 Ba6 29.Bh6 Be5
30.Qg5 Bxc4 31.Nxg7 Qg6 32.Nxe8 Bxf1 33.Rxf1 Qxg5 34.Bxg5 Rxe8 35.c4 f6 36.Bh4 Ne3
37.Re1 Bd4 38.Bxf6 Nc2 39.Re2 Bxf6 40.Rxc2 e3 41.Re2 Bd4 42.g3 Kf7 43.Kg2 Ke6
44.g4 Ke5 45.Ra2 Ke4 46.h4 Kd3 47.Ra3+ Bc3  0-1

[Event "Berliner Sommer"]
[Site "Berlin"]
[Date "1995.??.??"]
[Round "2"]
[White "Lugovoi, Aleksei"]
[Black "Mattick, Lutz"]
[Result "1/2-1/2"]
[WhiteElo "2490"]
[BlackElo "2260"]

1.e4 c5 2.Nf3 e6 3.Nc3 a6 4.d4 cxd4 5.Nxd4 Qc7 6.Be2 b5 7.O-O Bb7 8.Qd3 Nf6
9.a3 d6 10.f4 Nbd7 11.b4 Rc8 12.Bb2 Nb6 13.Rae1 Nc4 14.Ba1 Be7 15.g4 d5 16.exd5 Nxd5
17.Nxd5 Bxd5 18.Nf5 O-O 19.Nxg7 Rfd8 20.Nh5 e5 21.fxe5 Be6 22.Qg3 Nd2 23.Qe3 Qxc2
24.Rf2 Qg6 25.Nf6+ Kh8 26.h4 Nc4 27.Qf4 a5 28.h5 Qg7 29.Kh2 axb4 30.axb4 Bxb4
31.Rb1 Bd2 32.Qe4 Bg5 33.Rxb5 Nd2 34.Qb4 Be3 35.Rg2 Qg5 36.Kg3 Rc1 37.Rb8 Bf4+
38.Qxf4 Qxf4+ 39.Kxf4 Rxb8 40.Bd4 Rb4 41.Ke3 Nc4+ 42.Bxc4 Rcxc4 43.Rd2 Kg7
44.g5 Rb3+ 45.Kf2 Ra4 46.Be3 Rb8 47.Kg3 Ra3 48.Kf2 Ra2 49.Rxa2 Bxa2 50.Kg3 Bb1
51.Kf3 Rb3 52.Kf2 Bf5 53.Kf3 Rb4 54.Kg3 Rc4 55.Ne8+ Kf8 56.Nd6 Rg4+ 57.Kf3 Be6
58.Ne4 Rxe4  1/2-1/2

[Event "Berliner Sommer"]
[Site "Berlin"]
[Date "1995.??.??"]
[Round "6"]
[White "Erneste, Inguna"]
[Black "Gipslis, Aivars"]
[Result "0-1"]
[WhiteElo "2235"]
[BlackElo "2445"]

1.e4 c5 2.Nf3 e6 3.d4 cxd4 4.Nxd4 a6 5.Nc3 b5 6.Bd3 d6 7.O-O Nf6 8.Kh1 Bb7
9.a3 Nbd7 10.f4 Be7 11.Qe2 Qc7 12.Bd2 O-O 13.Rae1 Nc5 14.Rf3 Nxd3 15.cxd3 g6
16.Rh3 e5 17.Nf3 exf4 18.Bxf4 Ng4 19.Rg3 Ne5 20.Ng5 Qd7 21.d4 Nc6 22.Nd5 Bd8
23.Rd3 f6 24.Nf3 Ne7 25.Nxe7+ Qxe7 26.d5 Bb6 27.Nd4 Bxd4 28.Rxd4 Rae8 29.Qd2 Qc7
30.Rc1 Qb6 31.Be3 Qd8 32.a4 f5 33.Bh6 Rf7 34.exf5 Rxf5 35.axb5 axb5 36.Re1 Rxe1+
37.Qxe1 Qe7 38.Qd1 Qf6 39.Kg1 g5 40.Qd3 Re5 41.h4 Re1+ 42.Kh2 Qe5+ 43.g3 Re3  0-1